000 00264nam a2200109Ia 4500
008 190216s9999||||xx |||||||||||||| ||und||
100 _aVinchester
245 0 _aJeevashashthravum Manushya Raashiyum
260 _bBhasha Institute
650 _aZoology
942 _cBK
999 _c39402
_d39402